| 000 | 00675cam a2200229 4500 | ||
|---|---|---|---|
| 001 | WB3546-22 | ||
| 008 | 000000n1999 000 0 eng u | ||
| 035 | _a(Sirsi) u102867 | ||
| 245 | _aNot much to sing about | ||
| 260 | _c1999 | ||
| 490 |
_aHerald _v24 November 1999, 6(1) |
||
| 520 | _aRecent academic research by Glasgow and Heriot-Watt Universities highlights the widening economic divide between Glasgow and Edinburgh. | ||
| 590 | _aWB | ||
| 650 | _aGLASGOW | ||
| 650 | _aEDINBURGH | ||
| 650 | _aSCOTLAND | ||
| 650 | _aGLASGOW UNIVERSITY | ||
| 650 | _aECONOMIC GROWTH | ||
| 650 | _aHERIOT-WATT UNIVERSITY | ||
| 690 | _aECONOMIC AND SOCIAL | ||
| 942 | _n0 | ||
| 999 |
_c61829 _d61829 |
||